000 00964cam a2200145 4500500
005 20260329040409.0
041 _afre
042 _adc
100 1 0 _aDoguet, Jean-Paul
_eauthor
700 1 0 _aDaguet, Jean-Paul
_eauthor
245 0 0 _aL'art comme communication : Pour une re-définition de l'art
260 _bArmand Colin,
_c2007.
520 _aUne contribution au débat sur « la fin » ou « la crise » de l'art. Une thèse : l'art n'est pas un langage, mais une forme spécifique de communication.Cet essai examine l'essence de cette communication, et ce qui la différencie de la communication par le langage articulé, autour de trois problèmes distincts : la relation de l'art à la technique, la nature de l'oeuvre, la nature de ce qui est communiqué par l'art et le lien que celui-ci entretient avec les débats esthétiques.
856 4 1 _uhttps://shs.cairn.info/l-art-comme-communication--9782200347055?lang=fr&redirect-ssocas=7080
999 _c1971899
_d1971899